[Event "23rd EYCC Open U16 2013"]
[Site "Budva MNE"]
[Date "2013.09.30"]
[Round "2.30"]
[White "Valkama,Eero"]
[Black "Dastan,B"]
[Result "1-0"]
[WhiteElo "1918"]
[BlackElo "2455"]

1.e4 c5 2.Nf3 d6 3.Bb5+ Nd7 4.d4 Nf6 5.O-O cxd4 6.Qxd4 e5 7.Qd3 h6 8.c4 Be7
9.Nc3 O-O 10.Bxd7 Bxd7 11.Ne1 a6 12.a4 Qb6 13.a5 Qd4 14.Be3 Qxd3 15.Nxd3 Be6
16.b3 Rac8 17.f3 Bd8 18.Rfd1 Nd7 19.Nb4 Re8 20.Ra4 Nc5 21.Bxc5 Rxc5 22.Rxd6 Bc7
23.Rd1 Rxa5 24.Rxa5 Bxa5 25.Nbd5 Kf8 26.b4 Bd8 27.Kf2 g6 28.b5 Ba5 29.Rc1 Ra8
30.c5 Bd7 31.b6 Rc8 32.Nc7 Bc6 33.N3d5 Bd2 34.Rd1 Bg5 35.Nb4 Be7 36.Rc1 Ba4
37.Ncxa6 bxa6 38.c6 Bd6 39.b7 Re8 40.c7 Bxc7 41.Rxc7  1-0

[Event "Lichtenrader Herbst 2013"]
[Site "Berlin GER"]
[Date "2013.10.01"]
[Round "4.4"]
[White "Jahnz,F"]
[Black "Mikkelsen,N"]
[Result "1/2-1/2"]
[WhiteElo "2226"]
[BlackElo "2412"]

1.e4 c5 2.Nf3 d6 3.Bb5+ Nd7 4.d4 cxd4 5.Qxd4 a6 6.Bxd7+ Bxd7 7.c4 Rc8 8.O-O e5
9.Qd3 Qc7 10.b3 b5 11.Na3 Qb7 12.Bb2 Nf6 13.Nd2 Be7 14.f3 O-O 15.g3 Bc6 16.Rab1 Bd8
17.Nc2 Bb6+ 18.Kg2 Ne8 19.Nb4 Bc5 20.Nxc6 Rxc6 21.Rbc1 Nf6 22.Nb1 Rfc8 23.Rfd1 h6
24.Rc2 Nh7 25.Rdc1 Bb4 26.a3 bxc4 27.Rxc4 Rxc4 28.Rxc4 Rxc4 29.Qxc4 Ba5 30.b4 Bb6
31.Nc3 Nf6 32.Nd5 Nxd5 33.exd5 Qa7 34.Qc8+ Kh7 35.Qf5+ g6 36.Qc2 a5 37.b5 Bc5
38.a4 Qe7 39.Bc3 Bb6 40.Bd2 Qd8 41.h4 Ba7 42.Be1 Bd4 43.h5 Bc5 44.hxg6+ fxg6
45.Bf2 Bxf2 46.Qxf2 Qc7 47.b6 Qc3 48.b7 Qb3 49.Qa7 Qc2+ 50.Kh3 Qf5+ 51.Kg2 Qc2+
52.Kh3  1/2-1/2

[Event "23rd EYCC Open U18 2013"]
[Site "Budva MNE"]
[Date "2013.10.01"]
[Round "3.6"]
[White "Emiroglu,C"]
[Black "Nasuta,G"]
[Result "0-1"]
[WhiteElo "2260"]
[BlackElo "2343"]

1.e4 c5 2.Nf3 d6 3.Bb5+ Nd7 4.d4 Nf6 5.Nc3 cxd4 6.Qxd4 e5 7.Qd3 h6 8.Be3 Be7
9.a4 O-O 10.a5 a6 11.Bc4 b5 12.axb6 Nxb6 13.Bb3 Bb7 14.O-O Rc8 15.Nh4 Rxc3
16.Qxc3 Nxe4 17.Qb4 Bxh4 18.Qxb6 Qxb6 19.Bxb6 Nd2 20.Rfc1 d5 21.Bxd5 Bxd5
22.Rd1 Nc4 23.Bc5 Rd8 24.b3 Nb2 25.Rd2 e4 26.Rb1 Bf6 27.c4 Nd3 28.cxd5 Nxc5
29.b4 Nd3 30.f3 Rxd5 31.fxe4 Rd4 32.Rbd1 Nf4 33.Rxd4 Bxd4+ 34.Kf1 Ne6 35.Rc1 Be5
36.Rc8+ Kh7 37.g3 Bd6 38.Rc6 Bxb4 39.Rxa6 Kg6 40.Ke2 Kf6 41.Rb6 Bc5 42.Rb7 Ng5
43.Kd3 Bg1 44.h4 Ne6 45.Ke2 Bd4 46.Kf3 Be5 47.Rb6 Ke7 48.Rb7+ Bc7 49.Rb1 Nd4+
50.Ke3 Ne6 51.Kf3 Nf8 52.Rc1 Bd6 53.Rd1 Nd7 54.Ra1 Nf6 55.Ra5 Ke6 56.Ra6 g6
57.Rb6 Nh5 58.g4 Nf6 59.g5 hxg5 60.hxg5 Nd7 61.Ra6 Nc5 62.Ra7 Be7 63.Ra5 Kd6
64.Ra7 Ke6 65.Ra5 Kd7 66.Ra7+ Ke8 67.Ra8+ Bd8 68.e5 Ne6 69.Ke4 Nxg5+ 70.Kd5 Ne6
71.Ra7 Kf8 72.Ra2 Bc7 73.Rf2 Kg7 74.Rf1 Bb6 75.Rf3 Kf8 76.Rb3 Bd8 77.Rb7 Bg5
78.Rb8+ Kg7 79.Rb1 Bf4 80.Ke4 g5 81.Rb8 Nc5+ 82.Kf3 Bxe5 83.Rb5 Bd6 84.Kg4 Kg6
85.Rb6 f5+ 86.Kf3 Ne4 87.Rc6 g4+ 88.Kg2 Kg5 89.Ra6 f4 90.Ra5+ Bc5 91.Rb5 f3+
92.Kh1 Kf4 93.Rb3 f2 94.Kg2 f1=Q+  0-1

[Event "Grand Open Blagoevgrad 2013"]
[Site "Blagoevgrad BUL"]
[Date "2013.10.02"]
[Round "7.28"]
[White "Dermatopoulos,Konstantinos"]
[Black "Lalev,I"]
[Result "1-0"]
[WhiteElo "1664"]
[BlackElo "2016"]

1.e4 c5 2.Nf3 d6 3.Bb5+ Bd7 4.Bxd7+ Qxd7 5.O-O Nc6 6.Re1 e6 7.d4 cxd4 8.Nxd4 Nf6
9.c4 Be7 10.Nc3 O-O 11.b3 a6 12.Bb2 Qc7 13.Nxc6 Qxc6 14.Qf3 b5 15.cxb5 axb5
16.a4 b4 17.Nb5 d5 18.Bxf6 dxe4 19.Qxe4 Qxe4 20.Rxe4 Bxf6 21.Rc1 Rfc8 22.Rec4 Bc3
23.Rxc8+ Rxc8 24.Kf1 Kf8 25.Ke2 e5 26.Nxc3 bxc3 27.Kd3 Ke7 28.Rxc3 Rd8+ 29.Kc2 f5
30.b4 Rd4 31.Kb3 Kd6 32.a5 Rd1 33.Kc4 Ra1 34.Kb5 Ra2 35.a6 e4 36.Kb6 Rxf2
37.a7 Ra2 38.Kb7 f4 39.a8=Q Rxa8 40.Kxa8 e3 41.Rc2  1-0

[Event "23rd EYCC Open U18 2013"]
[Site "Budva MNE"]
[Date "2013.10.02"]
[Round "4.37"]
[White "Lucovnik,Tilen"]
[Black "Verhelst,J"]
[Result "1-0"]
[WhiteElo "1939"]
[BlackElo "2059"]

1.e4 c5 2.Nf3 d6 3.Bb5+ Nc6 4.Bxc6+ bxc6 5.O-O e5 6.c3 f5 7.exf5 Bxf5 8.d4 cxd4
9.cxd4 e4 10.Qc2 Rc8 11.Ng5 d5 12.f3 Nf6 13.Nc3 h6 14.fxe4 hxg5 15.exf5 Bd6
16.Qe2+ Kf8 17.g3 Rh5 18.Be3 Qc7 19.Bf2 Re8 20.Qf3 Kf7 21.Kg2 g4 22.Qd3 Qd7
23.Bg1 Bb4 24.Nd1 Re4 25.Nf2 Re8 26.Nd1 Re4 27.Nf2 Rxd4 28.Qxd4 c5 29.Nxg4 Qb7
30.Ne5+ Kg8 31.Qf4 Ba5 32.b3 Bc3 33.Rac1 d4+ 34.Qf3 Nd5 35.Kf2 Rh6 36.Ng6 Qf7
37.Qxd5  1-0

[Event "23rd EYCC Open U16 2013"]
[Site "Budva MNE"]
[Date "2013.10.03"]
[Round "5.17"]
[White "Martins,Dav"]
[Black "Nikolovski,Nikola"]
[Result "1-0"]
[WhiteElo "2171"]
[BlackElo "1996"]

1.e4 c5 2.Nf3 d6 3.Bb5+ Bd7 4.a4 a6 5.Bxd7+ Qxd7 6.Nc3 Nf6 7.O-O Nc6 8.Re1 e6
9.d3 Be7 10.e5 dxe5 11.Nxe5 Nxe5 12.Rxe5 O-O 13.Qf3 Qc7 14.Rg5 Kh8 15.b3 Nd7
16.Rh5 Bf6 17.Qh3 h6 18.Bd2 Rfd8 19.Re1 Kg8 20.Ne4 Kf8 21.Rxh6 gxh6 22.Nxf6 Nxf6
23.Qxh6+ Ke7 24.Bg5 Kd7 25.Qxf6 Kc6 26.Qf3+ Kb6 27.Bxd8 Rxd8 28.h4 Rh8 29.Qf6 Rg8
30.Re4 Ka7 31.h5 b5 32.axb5 axb5 33.Rf4 Rg7 34.h6 Rh7 35.Rg4  1-0

[Event "23rd EYCC Girls U18 2013"]
[Site "Budva MNE"]
[Date "2013.10.03"]
[Round "5.13"]
[White "Richterova,Natasa"]
[Black "Ratsma,Rosa"]
[Result "1-0"]
[WhiteElo "2059"]
[BlackElo "1870"]

1.e4 c5 2.Nf3 d6 3.Bb5+ Bd7 4.Bxd7+ Qxd7 5.c4 e5 6.Nc3 Nc6 7.d3 Be7 8.Be3 Bd8
9.a3 Nge7 10.Rb1 O-O 11.b4 cxb4 12.axb4 f5 13.b5 Na5 14.Bg5 Rc8 15.Bxe7 Qxe7
16.Nd5 Qf7 17.exf5 Qxf5 18.O-O g5 19.Qe2 Rf7 20.Nd2 b6 21.Ne4 Qg6 22.Qg4 Rb8
23.Rfe1 Nb7 24.Re3 Nc5 25.Rh3 Kg7 26.Nxc5 bxc5 27.Ra1 Bb6 28.Qe4 Rbf8 29.Ra2 h5
30.Re3 Qf5 31.Ree2 g4 32.Qxf5 Rxf5 33.Ra6 Rb8 34.Rea2 Rf7 35.Kf1 Kg6 36.Ke2 Kf5
37.Nxb6 axb6 38.Ra7 Rfb7 39.Rxb7 Rxb7 40.Ra8 Ke6 41.Re8+ Kf5 42.Rf8+ Ke6
43.Rh8 Kf5 44.Rxh5+ Kg6 45.Rh8 Kf5 46.Rd8 Ke6 47.Ke3 Rh7 48.Rb8 Rxh2 49.g3 Rh1
50.Rxb6 Re1+ 51.Kd2 Rf1 52.Ke2 Rc1 53.Rb8 Rb1 54.Rd8 Rb2+ 55.Ke3 Rb1 56.Rh8 Re1+
57.Kd2 Rf1 58.Ke2 Rb1 59.Rh6+ Kd7 60.Rg6 d5 61.cxd5 Rxb5 62.Rc6 Rb4 63.Rxc5 Kd6
64.Rc4 Rb2+ 65.Ke3 Kxd5 66.Rxg4 Ke6 67.Ra4 Rb3 68.Ke4 Rb2 69.Ra6+ Ke7 70.Ke3 Rb1
71.Ra2 Ke6 72.d4 exd4+ 73.Kxd4 Re1 74.Kd3 Kf5 75.Ra4 Re8 76.Rf4+ Kg5 77.Re4 Ra8
78.Ke2 Ra2+ 79.Kf3 Ra3+ 80.Re3 Ra4 81.Re5+ Kf6 82.Rb5 Ra3+ 83.Kg4  1-0

[Event "3rd Holuj-Radzikowska Mem"]
[Site "Wroclaw POL"]
[Date "2013.10.03"]
[Round "6.1"]
[White "Zawadzka,J"]
[Black "Guramishvili,S"]
[Result "0-1"]
[WhiteElo "2377"]
[BlackElo "2431"]

1.e4 c5 2.Nf3 d6 3.Bb5+ Nd7 4.O-O Nf6 5.Re1 a6 6.Bf1 b6 7.d4 cxd4 8.Nxd4 Bb7
9.f3 e6 10.c4 Be7 11.Nc3 Rc8 12.Be3 O-O 13.Rc1 Re8 14.Qd2 Qc7 15.Kh1 Qb8
16.b3 Bd8 17.Red1 Bc7 18.Nde2 Bc6 19.Bf4 Ne5 20.Bg5 Nfd7 21.f4 Ng6 22.Nd4 Bb7
23.f5 Nge5 24.Qe3 Ng4 25.Qg3 Ndf6 26.Bxf6 Nxf6 27.fxe6 d5 28.exf7+ Kxf7 29.Qh4 dxe4
30.Nd5 Be5 31.Nf5 Nxd5 32.cxd5 Rxc1 33.Rxc1 Qd8 34.Qh5+ Kg8 35.d6 g6 36.Ne7+ Qxe7
37.Bc4+ Kh8  0-1

[Event "FSIM October 2013"]
[Site "Budapest HUN"]
[Date "2013.10.05"]
[Round "1.1"]
[White "Lyell,M"]
[Black "Szeberenyi,A"]
[Result "0-1"]
[WhiteElo "2259"]
[BlackElo "2328"]

1.e4 c5 2.Nf3 d6 3.Bb5+ Bd7 4.Bxd7+ Qxd7 5.O-O Nc6 6.Qe2 e6 7.Rd1 Nge7 8.d4 cxd4
9.Nxd4 Nxd4 10.Rxd4 Nc6 11.Rd1 Be7 12.c4 Qc7 13.Nc3 a6 14.b3 O-O 15.Bb2 Rac8
16.Rd3 Ne5 17.Rg3 Ng6 18.Rf1 Bh4 19.Rf3 Rfe8 20.Kh1 Bg5 21.Rg3 Bh4 22.Rh3 Bg5
23.Qg4 Bf4 24.Qh5 h6 25.Rd3 Be5 26.Qg4 Qc6 27.Rfd1 b5 28.cxb5 axb5 29.g3 d5
30.exd5 exd5 31.Qf3 b4 32.Na4 Bxb2 33.Nxb2 Ne5 34.Qxd5 Nxd3 35.Rxd3 Re2 36.Qxc6 Rxc6
37.Rd8+ Kh7 38.Nd3 Rd2 39.Rd5 Rc1+ 40.Nxc1 Rxd5 41.Kg2 Rd4 42.Ne2 Rd2 43.Nc1 g5
44.Kf3 Rd1 45.Ne2 Ra1 46.Ke3 Rxa2 47.Nd4 Rb2 48.g4 Kg6 49.h3 Rb1 50.Kd3 Rh1
51.Kc4 Rxh3 52.Kxb4 f5 53.gxf5+ Kf6 54.Kc4 Rh2 55.f3 h5 56.b4 h4 57.b5 h3
58.b6 Rb2 59.Nb3 h2 60.b7  0-1

[Event "23rd EYCC Open U18 2013"]
[Site "Budva MNE"]
[Date "2013.10.05"]
[Round "6.10"]
[White "Lugovskoy,M"]
[Black "Martynov,P2"]
[Result "1-0"]
[WhiteElo "2408"]
[BlackElo "2303"]

1.e4 c5 2.Nf3 d6 3.Bb5+ Nd7 4.d4 cxd4 5.Qxd4 a6 6.Bxd7+ Bxd7 7.Nc3 e5 8.Qd3 h6
9.Nd2 Rc8 10.Nc4 Qc7 11.Ne3 Nf6 12.O-O Be7 13.Rd1 Be6 14.a4 O-O 15.Qe2 Rfd8
16.Rd3 Qc5 17.Qf3 Bf8 18.Nf5 Bxf5 19.Qxf5 d5 20.exd5 Nxd5 21.Be3 Nxe3 22.Rxe3 g6
23.Qf3 Qc6 24.Qe2 Bg7 25.Ra3 Rd4 26.Rb3 f5 27.a5 e4 28.g3 Qd7 29.Qf1 Rc5
30.Re1 Rxa5 31.Ne2 Rd2 32.Nf4 Rc5 33.c3 g5 34.Ng2 b5 35.Ra3 Qd6 36.Rea1 Rc6
37.Ne3 Rxb2 38.Nxf5 Qc5 39.g4 Qa7 40.Re1 Bf8 41.Raa1 Rxc3 42.Re2 Rcc2 43.Rxc2 Rxc2
44.Ne3 Rc7 45.Qd1 Rf7 46.Qd5 Qb7 47.Qe6 Qe7 48.Qg6+ Bg7 49.Rxa6 Rf6 50.Ra8+ Rf8
51.Nf5 Qf6 52.Nxh6+ Kh8 53.Rxf8+ Qxf8 54.Nf7+ Kg8 55.Nxg5 Qf6 56.Qe8+ Bf8
57.Qxb5 Qa1+ 58.Kg2  1-0

[Event "Reykjavik CC GM 2013"]
[Site "Reykjavik ISL"]
[Date "2013.10.05"]
[Round "6.4"]
[White "Ziska,H"]
[Black "Bjornsson,Si"]
[Result "1/2-1/2"]
[WhiteElo "2485"]
[BlackElo "2395"]

1.e4 c5 2.Nf3 d6 3.Bb5+ Bd7 4.Bxd7+ Qxd7 5.O-O Nf6 6.Re1 g6 7.c3 Bg7 8.d4 O-O
9.dxc5 dxc5 10.Qe2 Nc6 11.e5 Nd5 12.Qc4 b6 13.Qh4 Qf5 14.Bh6  1/2-1/2

[Event "Chigorin Memorial"]
[Site "St Petersburg RUS"]
[Date "2013.10.05"]
[Round "1.40"]
[White "Can,E"]
[Black "Chernov,Vl3"]
[Result "1-0"]
[WhiteElo "2513"]
[BlackElo "2039"]

1.e4 c5 2.Nf3 d6 3.Bb5+ Nd7 4.O-O a6 5.Bd3 b5 6.c3 e5 7.a4 c4 8.Bc2 Bb7 9.d3 Ngf6
10.Re1 Be7 11.axb5 axb5 12.Rxa8 Bxa8 13.Na3 O-O 14.dxc4 bxc4 15.Nxc4 Nc5
16.Ncd2 Qc7 17.b3 Rb8 18.c4 Bc6 19.Ba3 Qa7 20.Qc1 Ra8 21.Bb2 Qb7 22.Qb1 Rb8
23.Bc3 Na6 24.Nf1 Nb4 25.N3d2 Bd8 26.Qd1 Na2 27.Ba1 Ba5 28.Qf3 Bxd2 29.Nxd2 Nb4
30.Bb1 Ra8 31.Bb2 Na6 32.Qd3 Qc7 33.Qc3 Qb7 34.Ba3 Rd8 35.b4 Nc7 36.b5 Be8
37.Nf1 Ne6 38.Qd3 Qb6 39.Ne3 Nc5 40.Bxc5 Qxc5 41.Rd1 g6 42.h3 Kf8 43.Bc2 Ng8
44.Qc3 Ne7 45.Qa5 Rb8 46.h4 f6 47.Qa6 Nc8 48.Bd3 Bf7 49.Qa5 Ke8 50.Qd2 Nb6
51.Ng4 Ke7 52.Qh6 Nxc4 53.Rc1 Qxb5 54.Qg7  1-0

[Event "Chigorin Memorial"]
[Site "St Petersburg RUS"]
[Date "2013.10.05"]
[Round "1.54"]
[White "Yagupov,I"]
[Black "Kiseleva,A"]
[Result "1-0"]
[WhiteElo "2432"]
[BlackElo "1992"]

1.e4 c5 2.Nf3 d6 3.Bb5+ Bd7 4.Bxd7+ Qxd7 5.O-O Nf6 6.Qe2 Nc6 7.c3 e6 8.d4 cxd4
9.cxd4 d5 10.e5 Ne4 11.Be3 Be7 12.Ne1 f6 13.f3 Ng5 14.Nd3 Nf7 15.f4 O-O 16.Nd2 b6
17.exf6 Bxf6 18.Nf3 Rac8 19.Nfe5 Nfxe5 20.fxe5 Be7 21.Qg4 Rxf1+ 22.Rxf1 Bf8
23.Nf4 Re8 24.Nh5 Kh8 25.Rf3 Qe7 26.a3 Rc8 27.Nf4 Re8 28.Nxe6 Qd7 29.Qf5 Be7
30.Rh3  1-0

[Event "23rd EYCC Open U18 2013"]
[Site "Budva MNE"]
[Date "2013.10.06"]
[Round "7.14"]
[White "Lewtak,Da"]
[Black "Nasuta,G"]
[Result "1/2-1/2"]
[WhiteElo "2275"]
[BlackElo "2343"]

1.e4 c5 2.Nf3 d6 3.Bb5+ Nd7 4.c3 Nf6 5.Qe2 a6 6.Ba4 b5 7.Bc2 e5 8.d4 Qc7
9.O-O Bb7 10.d5 c4 11.a4 Nc5 12.Bg5 Be7 13.Na3 Qd7 14.Nd2 Nxd5 15.exd5 Bxg5
16.f4 Bf6 17.Ne4 Nxe4 18.Qxe4 g6 19.f5 O-O 20.Rf3 Rac8 21.h4 Rc5 22.Rd1 Bc8
23.Rdf1 Qe7 24.Rh3 Qb7 25.Rhf3 Qe7 26.Rh3 Qb7 27.Rhf3 Qe7 28.Rh3  1/2-1/2

[Event "23rd EYCC Open U18 2013"]
[Site "Budva MNE"]
[Date "2013.10.06"]
[Round "7.10"]
[White "Saraci,Nderim"]
[Black "Kriebel,T"]
[Result "1-0"]
[WhiteElo "1972"]
[BlackElo "2365"]

1.e4 c5 2.Nf3 d6 3.Bb5+ Bd7 4.Bxd7+ Qxd7 5.c4 Nf6 6.Nc3 g6 7.O-O Bg7 8.d4 cxd4
9.Nxd4 O-O 10.f3 Nc6 11.Be3 a6 12.Qd2 e6 13.Rfe1 Rfd8 14.Na4 Nxd4 15.Nb6 Qc6
16.Bxd4 Rab8 17.Rac1 Nd7 18.Bxg7 Kxg7 19.Nxd7 Rxd7 20.Rc3 Rbd8 21.b3 Kg8
22.Rd3 Qc5+ 23.Kh1 Qe5 24.Qc3 g5 25.g3 Kf8 26.f4 gxf4 27.gxf4 Qh5 28.Rg1 Qh4
29.Qd2 Qf6 30.Rdg3 h5  1-0

[Event "Frauenbundesliga 2013-14"]
[Site "Germany GER"]
[Date "2013.10.06"]
[Round "2.3"]
[White "Misanovic,V"]
[Black "Sieber,Fiona"]
[Result "1-0"]
[WhiteElo "2335"]
[BlackElo "1922"]

1.e4 c5 2.Nf3 d6 3.Bb5+ Bd7 4.c4 Bxb5 5.cxb5 g6 6.Nc3 Bg7 7.O-O Nf6 8.d4 cxd4
9.Nxd4 O-O 10.Bg5 Nbd7 11.Re1 Rc8 12.h3 Re8 13.Rc1 Ne5 14.Re2 Nfd7 15.Rec2 Nc5
16.Nd5 h6 17.Be3 Ned3 18.Rb1 e6 19.Nc3 Ne5 20.b3 d5 21.f4 Ned7 22.e5 Nb8
23.Rbc1 a5 24.Na4 b6 25.Nxc5 Rxc5 26.Rxc5 bxc5 27.Rxc5 Bf8 28.Rc2 Qd7 29.Qd2 Bb4
30.Qc1 Rd8 31.a3 Bf8 32.Rc7 Qe8 33.Bd2 Nd7 34.Bxa5 Ra8 35.b4 f6 36.Qc6 fxe5
37.Nxe6 Nf6 38.fxe5 Qxc6 39.bxc6 Re8 40.Nxf8  1-0

[Event "Frauenbundesliga 2013-14"]
[Site "Germany GER"]
[Date "2013.10.06"]
[Round "2.1"]
[White "Kochetkova,J"]
[Black "Gaponenko,I"]
[Result "1/2-1/2"]
[WhiteElo "2354"]
[BlackElo "2400"]

1.e4 c5 2.Nf3 d6 3.Bb5+ Nd7 4.O-O Nf6 5.d4 a6 6.Bxd7+ Nxd7 7.Bg5 h6 8.Bh4 g5
9.Bg3 Bg7 10.Nc3 O-O 11.Re1 b5 12.e5 dxe5 13.dxe5 Nb6 14.Qe2 Be6 15.b3 Nd5
16.Ne4 Qc8 17.c4 bxc4 18.Qxc4 Nb4 19.Qc3 Rd8 20.Nxc5 Nd3 21.Red1 Qxc5 22.Rxd3 Qxc3
23.Rxc3 g4 24.Ne1 Rd5 25.Re3 a5 26.Rc1 a4 27.bxa4 Rxa4 28.Nd3 Rad4 29.Nf4 Rd1+
30.Re1 Rxc1 31.Rxc1 Rxe5 32.Ng6 Ra5 33.Nxe7+ Kh7 34.Nc6  1/2-1/2

[Event "63rd ch-RUS w 2013"]
[Site "Nizhny Novgorod RUS"]
[Date "2013.10.07"]
[Round "3.2"]
[White "Kovalevskaya,E"]
[Black "Kosteniuk,A"]
[Result "1/2-1/2"]
[WhiteElo "2410"]
[BlackElo "2495"]

1.e4 c5 2.Nf3 d6 3.Bb5+ Nd7 4.O-O a6 5.Bxd7+ Bxd7 6.d4 cxd4 7.Qxd4 Nf6 8.Bg5 h6
9.Bxf6 gxf6 10.Nc3 e6 11.Rfe1 Be7 12.Re3 Qc7 13.Rae1 Qc5 14.Qd2 Bd8 15.Rd3 Bb6
16.e5 Bc6 17.exd6 O-O-O 18.Ne4 Qa5 19.b4 Qf5 20.Nd4 Bxd4 21.Rxd4 Kb8 22.Ng3 Qg6
23.c4 h5 24.b5 axb5 25.Qa5 b4 26.Qc7+ Ka8 27.Qa5+ Kb8 28.Qc7+ Ka8 29.Qa5+  1/2-1/2

[Event "Chigorin Memorial"]
[Site "St Petersburg RUS"]
[Date "2013.10.07"]
[Round "3.93"]
[White "Belenkaya,D"]
[Black "Egorov,Daniil"]
[Result "1-0"]
[WhiteElo "2203"]
[BlackElo "1929"]

1.e4 c5 2.Nf3 d6 3.Bb5+ Bd7 4.Bxd7+ Qxd7 5.O-O Nf6 6.e5 dxe5 7.Nxe5 Qc7 8.Qe2 e6
9.b3 Be7 10.Bb2 O-O 11.Na3 a6 12.Nac4 Nc6 13.Nxc6 Qxc6 14.f4 Qe4 15.Qxe4 Nxe4
16.Rae1 Nd6 17.f5 Nxc4 18.bxc4 Bg5 19.d3 Rae8 20.Ba3 b6 21.Rb1 Rb8 22.fxe6 Be3+
23.Kh1 fxe6 24.Rfe1 Bd4 25.Rb3 Rf2 26.c3 Rbf8 27.g3 Rc2 28.Rc1 Rxa2 29.Bb2 Rf2
30.Rxb6 Raxb2 31.Rxb2 Rxb2 32.cxd4 cxd4 33.c5 Rb7 34.Kg2 Kf7 35.Kf3 e5 36.Ke4 Ke6
37.Ra1 Rb5 38.Rxa6+ Kd7 39.Kd5 e4 40.Ra7+ Kc8 41.Kc6 Rb3 42.Re7 Kd8 43.Rxe4 Rxd3
44.Kd6 Rf3 45.c6 Rf6+ 46.Kc5 Rf2 47.Rxd4+ Kc8 48.h4 h5 49.Rd5 Rf3 50.Rg5 Rf7
51.Rxh5 Kc7 52.Rg5 Re7 53.Kd5 Rf7 54.h5 Kb6 55.g4 Rc7 56.Rg6 Rf7 57.Ke6 Rc7
58.Kf5  1-0

[Event "23rd EYCC Open U18 2013"]
[Site "Budva MNE"]
[Date "2013.10.08"]
[Round "9.9"]
[White "Lewtak,Da"]
[Black "Barbot,Pi1"]
[Result "0-1"]
[WhiteElo "2275"]
[BlackElo "2392"]

1.e4 c5 2.Nf3 d6 3.Bb5+ Nd7 4.d4 cxd4 5.Qxd4 a6 6.Bxd7+ Bxd7 7.Nc3 e5 8.Qd3 Rc8
9.O-O h6 10.Nd2 Nf6 11.Nc4 Qc7 12.Ne3 Be6 13.Rd1 Be7 14.Bd2 O-O 15.b3 Qc5
16.Be1 Rfd8 17.Na4 Qc6 18.Ba5 Re8 19.Nb6 Bd8 20.Nxc8 Bxa5 21.Nxd6 Rd8 22.Nef5 Bxf5
23.Nxf5 Rxd3 24.Ne7+ Kf8 25.Nxc6 Rxd1+ 26.Rxd1 bxc6 27.Rd6 Nxe4 28.Rxc6 Bc3
29.f3 Bd4+ 30.Kf1 Nc3 31.Rxa6 Ke7 32.a4 Nd5 33.Ra8 Kd7 34.c4 Ne3+ 35.Ke2 Nxg2
36.a5 f5 37.a6 Nf4+ 38.Kd1 Ne6 39.Rg8 e4 40.fxe4 fxe4 41.Kc2 e3 42.Kd3 Bb6
43.Kc2 e2 44.Kd2 Nf4 45.Rxg7+ Kd6 46.b4 Bf2 47.Rf7 Ke6  0-1

[Event "Chigorin Memorial"]
[Site "St Petersburg RUS"]
[Date "2013.10.08"]
[Round "4.116"]
[White "Zhivotovskaya,Asya"]
[Black "Klimentiev,Sergey"]
[Result "1-0"]
[WhiteElo "1755"]
[BlackElo "1877"]

1.e4 c5 2.Nf3 d6 3.Bb5+ Bd7 4.Bxd7+ Qxd7 5.O-O Nc6 6.c3 g6 7.d4 cxd4 8.cxd4 Bg7
9.Nc3 e6 10.Re1 a6 11.d5 Ne5 12.Nd4 Rc8 13.f4 Nc4 14.b3 Nb6 15.dxe6 fxe6
16.Bb2 Ne7 17.Rc1 O-O 18.Qd2 Bh6 19.g3 e5 20.Nde2 Rc6 21.Ba3 Qg4 22.Bxd6 Rd8
23.Nd5 Nexd5 24.Bxe5 Re6 25.Qd4 Rxe5 26.Qxe5 Bg7 27.Qg5 Qxg5 28.fxg5 Nb4
29.Rc7 Nxa2 30.Rxb7 Bf8 31.Nf4 Re8 32.Kg2 Nc8 33.e5 Re7 34.Rb8 Re8 35.Nd5 Rd8
36.Nf6+ Kh8 37.Ra1 Rd2+ 38.Kh1 Rc2 39.Nd7 Kg7 40.Rf1 Be7 41.h4 a5 42.e6 Bd6
43.Rf7+ Kh8 44.Nf6 Rc1+ 45.Kg2 Rc2+ 46.Kh3  1-0

[Event "Chigorin Memorial"]
[Site "St Petersburg RUS"]
[Date "2013.10.08"]
[Round "4.28"]
[White "Mikhailov,Vi"]
[Black "Lintchevski,D"]
[Result "0-1"]
[WhiteElo "2343"]
[BlackElo "2532"]

1.Nf3 c5 2.e4 d6 3.Bb5+ Nc6 4.O-O Bd7 5.Re1 Nf6 6.d3 e6 7.Nc3 Be7 8.Bf4 O-O
9.e5 dxe5 10.Nxe5 Nxe5 11.Bxe5 Bxb5 12.Nxb5 Qb6 13.a4 Nd7 14.Bg3 Qc6 15.d4 Nf6
16.dxc5 Bxc5 17.c3 Rfd8 18.Qc2 a6 19.Na3 Rd7 20.Qb3 Ne4 21.Nc4 Nd2 22.Nxd2 Rxd2
23.Rad1 Rad8 24.Rxd2 Rxd2 25.h3 h5 26.a5 Rd5 27.Rd1 Rg5 28.Qc2 Be7 29.Rd4 Rxa5
30.Qd3 Rd5 31.c4 Rxd4 32.Qxd4 f6 33.b3 Kf7 34.Qd1 g6 35.Qd2 Qb6 36.Qd3 Qd8
37.Qf3 Qd7 38.Kh2 Kg7 39.h4 e5 40.Qe4 Qc6 41.Qe2 Bd6 42.f3 Kf7 43.Qe3 Bf8
44.Qd3 Be7 45.Qd2 Qd6 46.Qe2 Qd4 47.Bf2 Qd7 48.Qe4 f5 49.Qe2 Qe6 50.Bg3 Bf6
51.Qd2 Be7 52.Kh1 e4 53.fxe4 Qxe4 54.Qd7 f4 55.Bf2 f3 56.g3 Qe6 57.Qd5 Qxd5
58.cxd5 Kf6  0-1

[Event "Chigorin Memorial"]
[Site "St Petersburg RUS"]
[Date "2013.10.08"]
[Round "4.115"]
[White "Mokshanov,I"]
[Black "Rybakova,Polina"]
[Result "1-0"]
[WhiteElo "1888"]
[BlackElo "1794"]

1.e4 c5 2.Nf3 d6 3.Bb5+ Bd7 4.Bxd7+ Qxd7 5.O-O Nf6 6.Qe2 Nc6 7.b3 g6 8.Bb2 Bg7
9.c4 e5 10.Nc3 O-O 11.Nd5 Nd4 12.Nxd4 exd4 13.Nxf6+ Bxf6 14.d3 Bg7 15.Bc1 Rfe8
16.Bd2 Rad8 17.Rfe1 Qc7 18.Qg4 a6 19.f4 b5 20.Rf1 f5 21.exf5 Qd7 22.Rae1 Rf8
23.Qf3 Rxf5 24.g4 Rf7 25.Re2 b4 26.h3 Kh8 27.Qd5 h5 28.Re6 Rf6 29.f5 gxf5
30.Rxf6 Bxf6 31.Rxf5 Qe7 32.Rxh5+ Kg7 33.Bh6+ Kg6 34.Qf5+ Kf7 35.Bd2 Rg8
36.g5  1-0

[Event "US Chess League 2013"]
[Site "chess.com INT"]
[Date "2013.10.09"]
[Round "7"]
[White "Cozianu,C"]
[Black "Kaufman,La"]
[Result "1-0"]
[WhiteElo "2439"]
[BlackElo "2332"]

1.e4 c5 2.Nf3 d6 3.Bb5+ Bd7 4.c4 Nc6 5.Nc3 g6 6.d4 cxd4 7.Nxd4 Bg7 8.Be3 Nf6
9.h3 O-O 10.O-O a6 11.Nxc6 bxc6 12.Ba4 Rb8 13.b3 c5 14.e5 Nh5 15.exd6 Bxc3
16.dxe7 Qxe7 17.Qxd7 Qxd7 18.Bxd7 Bxa1 19.Rxa1 Nf6 20.Bc6 Rfc8 21.Bf3 a5
22.Bd2 a4 23.bxa4 Re8 24.a5 Ne4 25.Be1 f5 26.g4 Red8 27.gxf5 gxf5 28.Bd1 Rd4
29.f3 Ng5 30.h4 Nh3+ 31.Kg2 Nf4+ 32.Kf1 Rbd8 33.Ba4 Rd3 34.Bc6 Ra3 35.Bb7 Nd3
36.Bd2 Ne5 37.Bg5 Rd7 38.a6 Nxf3 39.Bc1 Nd2+ 40.Ke2 Nxc4 41.Bxa3 Re7+ 42.Kf2 Nxa3
43.a7 Re8 44.a8=Q Rxa8 45.Bxa8 Kg7 46.Rc1 c4 47.Bc6 Kf6 48.Rc3 Nb1 49.Rxc4 Nd2
50.Rc2  1-0

[Event "Chigorin Memorial"]
[Site "St Petersburg RUS"]
[Date "2013.10.09"]
[Round "5.107"]
[White "Skvortsov,Sergey"]
[Black "Stroganov,Ana"]
[Result "1-0"]
[WhiteElo "1980"]
[BlackElo "1781"]

1.e4 c5 2.Nf3 d6 3.Bb5+ Bd7 4.Bxd7+ Qxd7 5.c4 Nc6 6.Nc3 g6 7.O-O Bg7 8.a3 e6
9.Re1 Ne5 10.d3 Nxf3+ 11.Qxf3 Ne7 12.Bf4 O-O 13.Qg3 Rad8 14.Qe3 a6 15.Rab1 Nc6
16.Bh6 Nd4 17.Bxg7 Kxg7 18.Qh3 b5 19.e5 b4 20.Ne4 dxe5 21.Nxc5 Qc6 22.Rxe5 bxa3
23.bxa3 Rb8 24.Rf1 Rb2 25.Ne4 f6 26.Rc5 Qb6 27.Qe3 Nb3 28.Rb5 Qxe3 29.Rb7+ Rf7
30.Rxf7+ Kxf7 31.fxe3 f5 32.g4 Nd2 33.Nxd2 Rxd2 34.d4 Rd3 35.Kf2 Rxa3 36.gxf5 gxf5
37.c5 Ke7 38.Rb1 h5 39.Rb7+ Kd8 40.Kf3 Ra2 41.Kf4 Rxh2 42.Ke5 Re2 43.Kd6 Kc8
44.Rh7 Kb8 45.c6 Rc2 46.Rh8+ Ka7 47.c7 Kb6 48.c8=Q Rxc8 49.Rxc8 Kb5 50.Kxe6 a5
51.d5  1-0

[Event "TCh-ISL Div1 2013-14"]
[Site "Reykjavik ISL"]
[Date "2013.10.10"]
[Round "1.3"]
[White "Lagerman,R"]
[Black "Thorfinnsson,Br"]
[Result "0-1"]
[WhiteElo "2305"]
[BlackElo "2483"]

1.e4 c5 2.Nf3 d6 3.Bb5+ Bd7 4.Bxd7+ Qxd7 5.O-O Nc6 6.c3 d5 7.e5 d4 8.cxd4 cxd4
9.d3 e6 10.Nbd2 Nge7 11.Nc4 Ng6 12.a4 Be7 13.Re1 O-O 14.Bd2 b6 15.Re4 Rfd8
16.h4 Qd5 17.h5 Nf8 18.Qe2 Nd7 19.Re1 a6 20.Rg4 b5 21.Bh6 g6 22.axb5 axb5
23.Ncd2 Ra2 24.Nf1 Bb4 25.hxg6 fxg6 26.Rc1 Bc3 27.Rb1 b4 28.Ng3 Rda8 29.Kh2 b3
30.Rg5 Ne7 31.Nh5 Nf5 32.Nf4 Qc6 33.Rxf5 exf5 34.Ng5 Bb4 35.e6 Nf6 36.f3 Bd6
37.Nf7 Nh5 38.Nxd6 Qxd6 39.Qd2 Ra1 40.Rxa1 Rxa1 41.e7 Qxe7 42.Nh3 Qe1  0-1

[Event "Indonesia Open 2013"]
[Site "Jakarta INA"]
[Date "2013.10.11"]
[Round "2.37"]
[White "Davletbayeva,M"]
[Black "Milliet,S"]
[Result "1/2-1/2"]
[WhiteElo "2259"]
[BlackElo "2399"]

1.e4 c5 2.Nf3 d6 3.Bb5+ Nd7 4.c3 Nf6 5.Qe2 a6 6.Ba4 g6 7.O-O Bg7 8.d4 cxd4
9.cxd4 b5 10.Bb3 Nb6 11.Nc3 b4 12.Na4 Bd7 13.Nxb6 Qxb6 14.e5 Bb5 15.Qe1 Nd7
16.Qe4 Bc6 17.Qf4 O-O 18.Ng5 e6 19.Qh4 h6 20.Nxe6 fxe6 21.Bxe6+ Kh7 22.Bxh6 Bxh6
23.Qe7+ Bg7 24.Qh4+ Bh6 25.Qe7+ Bg7 26.Qh4+ Bh6  1/2-1/2

[Event "Indonesia Open 2013"]
[Site "Jakarta INA"]
[Date "2013.10.11"]
[Round "2.50"]
[White "Bancod,Ron"]
[Black "Tamin,U"]
[Result "1/2-1/2"]
[WhiteElo "2306"]
[BlackElo "2151"]

1.e4 c5 2.Nf3 d6 3.Bb5+ Nc6 4.O-O Bd7 5.Re1 e6 6.c3 a6 7.Bf1 Nf6 8.d4 cxd4
9.cxd4 Be7 10.Nc3 O-O 11.Bg5 h6 12.Bh4 Re8 13.Qd2 Qb6 14.Rad1 Rad8 15.Qc1 Nh7
16.Bg3 Na7 17.Nd2 Bb5 18.Nc4 Bxc4 19.Bxc4 Rc8 20.Bb3 Qc7 21.Qe3 b5 22.e5 d5
23.h4 Qd8 24.Qf4 Nf8 25.Qg4 Nc6 26.Bc2 Na5 27.Bf4 h5 28.Qxh5 b4 29.Re3 bxc3
30.Rg3 g6 31.bxc3 Rxc3 32.Bxg6 fxg6 33.Rxg6+ Nxg6 34.Qxg6+ Kh8 35.Bd2 Ra3
36.Qh6+ Kg8 37.Qg6+ Kh8  1/2-1/2

[Event "Chinese Teams 2013"]
[Site "Qingdao CHN"]
[Date "2013.10.11"]
[Round "12.4"]
[White "Lin Chen"]
[Black "Lu Shanglei"]
[Result "1/2-1/2"]
[WhiteElo "2466"]
[BlackElo "2538"]

1.e4 c5 2.Nf3 d6 3.Bb5+ Nd7 4.O-O a6 5.Bxd7+ Bxd7 6.Re1 e6 7.b3 Be7 8.Bb2 Nf6
9.e5 dxe5 10.Nxe5 Rc8 11.Nc3 Bc6 12.Nxc6 Rxc6 13.Ne4 O-O 14.d3 Nxe4 15.Rxe4 Bf6
16.Bxf6 Qxf6 17.a4 a5 18.Qc1 Rd8 19.Rf4 Qe5 20.Re4 Qf6 21.Rf4 Qe5 22.Re4  1/2-1/2